000 00735cab a2200229 4500
001 WB3214-11
008 090401t1996 xxu||||| |||| 00| 0 eng d
035 _a(Sirsi) u64637
041 _aeng
245 _aPACE now a Next Steps agency
260 _c1996
350 _a0
490 _aCabinet Office News Release
_v(OPS 32/96) 1 April 1996, (4)
520 _aPACE has been established as a Next Steps agency of the Office of Public Service to co-ordinate Government activity on the Civil Estate. List responsibilities.
650 _aCIVIL ESTATE
650 _aPACE
650 _aPROPERTY ADVISERS TO THE CIVIL ESTATE
650 _aPROPERTY HOLDINGS
690 _aECONOMIC AND SOCIAL
942 _n0
948 _c04/03/1997
999 _c40265
_d40265